Bệnh hen suyễn = Asthma

Cuốn sách này giúp người đọc hiểu hen suyễn ảnh hưởng đến cơ thể như thế nào , những chất gây ra bệnh, phòng ngừa hen suyễn như thế nào và các nguyên tắc diều trị.

Saved in:
Bibliographic Details
Main Author: Ramaiah, Savitri
Format: Book
Language:Undetermined
Published: Thành phố Hồ Chí Minh Tổng hợp Thành phố Hồ Chí Minh 2004
Subjects:
Tags: Add Tag
No Tags, Be the first to tag this record!
Institutions: Trung tâm Học liệu Trường Đại học Cần Thơ
LEADER 00885nam a2200205Ia 4500
001 CTU_226434
008 210402s9999 xx 000 0 und d
082 |a 616.238 
082 |b R165 
100 |a Ramaiah, Savitri 
245 0 |a Bệnh hen suyễn = 
245 0 |b Asthma 
245 0 |c Savitri Ramaiah ; Ưng Tiếu, Tạ Văn Hùng (dịch) 
260 |a Thành phố Hồ Chí Minh 
260 |b Tổng hợp Thành phố Hồ Chí Minh 
260 |c 2004 
520 |a Cuốn sách này giúp người đọc hiểu hen suyễn ảnh hưởng đến cơ thể như thế nào , những chất gây ra bệnh, phòng ngừa hen suyễn như thế nào và các nguyên tắc diều trị. 
650 |a Asthma,Hen suyễn 
910 |b vtbtruc 
980 |a Trung tâm Học liệu Trường Đại học Cần Thơ